| 000 | 01017nam a22002537a 4500 | ||
|---|---|---|---|
| 005 | 20240305165406.0 | ||
| 007 | cr|||| |||| | ||
| 008 | 130304e2011 mx |||||s|||| 00||0 spa d | ||
| 020 | _a978-607-7620-76-1 | ||
| 035 | _a7072 | ||
| 040 | _avLex | ||
| 090 |
_c3819 _d3819 |
||
| 100 | 1 | 0 | _aLópez Cruz, Fernando |
| 245 | 1 | 0 |
_aDictamen Fiscal e información alternativa _h[Recurso electrónico] |
| 256 | _aServicio en línea | ||
| 260 |
_aMéxico D.F. : _bInstituto Mexicano de Contadores Públicos, _c2011 |
||
| 300 | _a1 Recurso electrónico | ||
| 506 |
_dvLex Global _dvLex Global (Academic Edition, excluding Law Schools) _dvLex Global (U.S. Academic Edition, Law Schools) _dvLex Global (U.S. Academic Edition, excluding Law Schools) _dvLex Global (Academic Edition, Law Schools) |
||
| 650 | 0 | 4 |
_aDerecho tributario _zMéxico |
| 650 | 0 | 4 |
_aComercio internacional _zMéxico |
| 740 | _avLex Libros (Servicio en línea) | ||
| 856 |
_aAcceso restringido _uhttp://www.vlex.com/source/7072 |
||
| 942 | _cRAA | ||
| 999 |
_c162201 _d162201 |
||